000 00784cab a2200241 4500
001 WB3141-21
008 090401t1995 xxu||||| |||| 00| 0 eng d
035 _a(Sirsi) u14923
041 _aeng
245 _aRevised code for metal recycling
260 _c1995
350 _a0
490 _aWaste Planning
_vNews supplement October/November 1995, 4(1)
520 _aFrom 1 October 1995 the metals recycling industry will be subject to a duty of care under the draft revised code of practice under the Envrionmental Protection Act 1990.
650 _aCODE OF PRACTICE
650 _aDUTY OF CARE
650 _aENVIRONMENTAL PROTECTION ACT 1990 S34
650 _aMETAL RECYCLING
650 _aWASTE MANAGEMENT
690 _aCONSERVATION
942 _n0
948 _c04/03/1997
999 _c9742
_d9742